Countries closest to Pakistan - Statistics

General Stats
  • This quiz has been taken 10 times
  • The average score is 16 of 18
Answer Stats
Hint Answer % Correct
Asia Afghanistan
100%
Asia China
100%
Asia India
100%
Asia Iran
100%
Asia Turkmenistan
100%
Asia Bangladesh
89%
Asia Bhutan
89%
Asia Kazakhstan
89%
Asia Maldives
89%
Asia Nepal
89%
Asia Oman
89%
Asia Saudi Arabia
89%
Asia Tajikistan
89%
Asia Uzbekistan
89%
Asia Bahrain
78%
Asia Qatar
78%
Asia United Arab Emirates
78%
Asia Kyrgyzstan
67%
No matching quizzes found
Score Distribution
Percent of People with Each Score
Percentile by Number Answered
Your Score History
You have not taken this quiz